Research process in physical education and sports science (Record no. 394063)

MARC details
000 -LEADER
fixed length control field 00543 a2200193 4500
005 - DATE & TIME
control field 20260203161110.0
008 - FIXED-LENGTH DATA ELEMENTS--GENERAL INFORMATION
fixed length control field 260203b |||||||| |||| 00| 0 eng d
020 ## - ISBN
International Standard Book Number 9789387363076
Price Rs. 1200.00
040 ## - CATALOGING SOURCE
Original cataloging agency VIVEKANANDA LIBRARY
082 ## - DDC NUMBER
Classification number 796.072
Book Number R765R
100 ## - MAIN ENTRY--PERSONAL NAME
Personal name Rout, Manamohan, ed.
245 ## - TITLE STATEMENT
Title Research process in physical education and sports science
260 ## - PUBLICATION, DISTRIBUTION, ETC. (IMPRINT)
Name of publisher, distributor, etc Sports Publication
Date of publication, distribution, etc 2023
Place of publication, distribution, etc New Delhi
300 ## - PHYSICAL DESCRIPTION
Pages 329
650 ## - Subject
Subject Physical Education
650 ## - Subject
Subject Sports Science
650 ## - Subject
Subject Research Process- Sports
942 ## - ADDED ENTRY ELEMENTS (KOHA)
Koha item type Books
Holdings
Withdrawn status Lost status Source of classification or shelving scheme Damaged status Not for loan Location (home branch) Sublocation or collection (holding branch) Shelving location Date acquired Koha issues (times borrowed) Koha full call number Accession No. Koha date last seen Koha item type
    Dewey Decimal Classification     VIVEKANANDA LIBRARY VIVEKANANDA LIBRARY Vivekananda Library 05/01/2026   796.072 R765R 444213 05/01/2026 Books
© Designed and Maintained by Vivekananda Library, MDU Rohtak